| 000 | 00429nam a2200133Ia 4500 | ||
|---|---|---|---|
| 008 | 221007s9999 xx 000 0 und d | ||
| 041 | _aeng | ||
| 082 | _bASL | ||
| 100 |
_aAslekar Swaroopa - 2k131059; Dr.Sonali Parchure - Guide & [Company Name] KPIT Technologies _9103219 |
||
| 245 | _aForex Risk Management At KPIT Technologies | ||
| 260 |
_cSep-14 _bSavitribai Phule Pune University _aPune |
||
| 300 | _a52p | ||
| 906 | _bGeneral | ||
| 999 |
_c73551 _d73551 |
||